00341nam a2200121Ia 4500008004100000041000800041082001800049100002300067245004500090260004900135300002600184365000900210240624s9999 xx 000 0 und d aeng a658.40355 STE aSTEVENSON HOWARD H aDO LUNCH OR BE LUNCH THE POWER OF PREDIC c1998aBostonbHarvard Businesss School Press axvii, : 294p. ; 24cm. cb25